|
|
|
|
| LEADER |
01421nam a2200361 a 4500 |
| 001 |
35241 |
| 003 |
BD-DhAAL |
| 005 |
20211129144429.0 |
| 008 |
190903r20031996enk b 001 0 eng d |
| 999 |
|
|
|c 41088
|d 41088
|
| 020 |
|
|
|a 1853963151
|
| 020 |
|
|
|a 9781853963155
|
| 035 |
|
|
|a (NIC)notisAPE1299
|
| 035 |
|
|
|a (OCoLC)34942754
|
| 035 |
|
|
|a 2889861
|
| 040 |
|
|
|a ESU
|c ESU
|d EYE
|d MnU
|d NIC
|d BD-DhAAL
|
| 050 |
|
4 |
|a LB1139.4
|b .E18x-1996
|
| 082 |
|
|
|2 23
|a 372.19
|
| 245 |
0 |
0 |
|a Early childhood education :
|b a developmental curriculum /
|c edited by Geva M. Blenkin and A.V. Kelly.
|
| 250 |
|
|
|a Second edition
|
| 260 |
|
|
|a London :
|b Paul Chapman,
|c c1996 [reprinted 2003]
|
| 300 |
|
|
|a xviii, 269 pages :
|b illustrations ;
|c 22 cm.
|
| 504 |
|
|
|a Includes bibliographical references and indexes.
|
| 526 |
|
|
|a BIED
|
| 541 |
|
|
|a Complimentary copy from BIED
|e 35241
|
| 650 |
|
0 |
|a Early childhood education
|z Great Britain
|x Curricula.
|9 33865
|
| 650 |
|
0 |
|a Child development.
|9 33866
|
| 650 |
|
7 |
|a Early childhood education
|x Curricula
|9 33867
|
| 700 |
1 |
|
|a Blenkin, Geva M.
|9 33868
|
| 700 |
1 |
|
|a Kelly, A. V.
|q (Albert Victor)
|9 33869
|
| 852 |
|
|
|a Ayesha Abed Library
|c BIED Collection
|
| 942 |
|
|
|2 ddc
|c BK
|
| 952 |
|
|
|0 0
|1 0
|2 ddc
|4 0
|6 372_190000000000000_EAR
|7 0
|9 66112
|a BRACUL
|b BRACUL
|c GEN
|d 2019-09-03
|e Complimentary copy from BIED
|l 0
|o 372.19 EAR
|p 3010035241
|r 2019-09-03
|t 1
|w 2019-09-03
|y BK
|x Transferred from BIED to General Stacks
|